00377nam a2200145Ia 4500008004100000020001500041041001200056082001600068100001800084245006400102260002500166300000800191650001600199700001600215221030s9999 xx 000 0 und d a0074622358 aEnglish a105.23bMal aA. P. Malvino 0aDigital Computer Electronicscby A. P. Malvino, A. J. Brown bTMHaNew Delhic1999 a522 aBE Computer aA. J. Brown